[Event "Orsha op"]
[Site "Orsha"]
[Date "2019.01.22"]
[Round "7"]
[White "Zeliantsova, Kseniya"]
[Black "Slesareva, Miraslava"]
[Result "1/2-1/2"]
[WhiteElo "1858"]
[BlackElo "1626"]
[PlyCount "67"]
[EventDate "2019.01.18"]
[EventType "swiss"]
[EventRounds "9"]
[EventCountry "BLR"]
[SourceTitle "CBM 188 Extra"]
[Source "ChessBase"]
[SourceDate "2019.02.26"]
[SourceVersion "1"]
[SourceVersionDate "2019.02.26"]
[SourceQuality "1"]

1. e4 c5 2. Nf3 a6 3. c4 Nc6 4. Nc3 e5 5. Be2 g6 6. 0-0 Bg7 7. d3 Nge7 8. Ne1 d6 9. f4 Nd4 10. Nf3 0-0 11. Be3 Nec6 12. Qd2 Be6 13. Bd1 Rb8 14. Nd5 f5 15. fxe5 dxe5 16. b4 cxb4 17. Nxb4 fxe4 18. Nxc6 Nxc6 19. Ng5 Rxf1+ 20. Kxf1 exd3 21. Rc1 Bf7 22. Nxf7 Kxf7 23. Bf3 Kg8 24. Rb1 Qd7 25. Rb3 Rf8 26. Kg1 Nd4 27. Qxd3 Nxf3+ 28. gxf3 Qxd3 29. Rxd3 Rxf3 30. Rd8+ Rf8 31. Rd7 Rf7 32. Rd8+ Rf8 33. Rd7 Rf7 34. Rd8+ 1/2-1/2

[Event "Orsha op"]
[Site "Orsha"]
[Date "2019.01.20"]
[Round "4"]
[White "Ivanov, Igor2222"]
[Black "Slesareva, Miraslava"]
[Result "1/2-1/2"]
[WhiteElo "1851"]
[BlackElo "1626"]
[PlyCount "248"]
[EventDate "2019.01.18"]
[EventType "swiss"]
[EventRounds "9"]
[EventCountry "BLR"]
[SourceTitle "CBM 188 Extra"]
[Source "ChessBase"]
[SourceDate "2019.02.26"]
[SourceVersion "1"]
[SourceVersionDate "2019.02.26"]
[SourceQuality "1"]

1. Nf3 c5 2. g3 Nc6 3. Bg2 g6 4. 0-0 Bg7 5. d3 e5 6. e4 Nge7 7. Nc3 d6 8. Nh4 h6 9. Kh1 Bf6 10. Nf3 Bg4 11. h3 Be6 12. a4 Bg7 13. Be3 Nd4 14. Ng1 g5 15. Nce2 f6 16. Ra3 Qb6 17. Qc1 Rc8 18. c3 Nxe2 19. Nxe2 Qc7 20. c4 Nc6 21. f4 Qd7 22. Kh2 b6 23. Nc3 Nd4 24. Qd1 Bf7 25. Ra1 a5 26. Nb5 Nxb5 27. axb5 Rb8 28. Qd2 Be6 29. Rf2 Rf8 30. Qe2 Kd8 31. Bd2 Kc7 32. b3 Ra8 33. Raf1 Rad8 34. Ra1 Ra8 35. Ra2 Ra7 36. Be3 Rfa8 37. Rf1 Kb7 38. Rfa1 Qc8 39. Ra4 Bd7 40. R1a3 Be6 41. Qa2 Qc7 42. Bd2 Kb8 43. Be3 Qe7 44. Qf2 Bc8 45. Ra2 Qc7 46. Qf3 Be6 47. Qh5 Qf7 48. Qd1 Qc7 49. Rf2 Qe7 50. Bf3 Kc7 51. Qa1 Kb8 52. Bg2 Qd7 53. Bd2 Qc7 54. Qd1 Qd7 55. Bc3 Qc7 56. Bf3 Qd7 57. Bg4 Qe7 58. Raa2 Qd7 59. Qf3 Bxg4 60. hxg4 Kb7 61. Rf1 Rh8 62. Kg2 Rf8 63. Rfa1 Rfa8 64. Rh1 Rf8 65. Rf2 Raa8 66. Ra2 Ra7 67. Rha1 Rfa8 68. Bd2 Qe7 69. Qd1 Kb8 70. Ra3 Qc7 71. Qh1 Qe7 72. Qh5 Qd7 73. R1a2 Qe7 74. Kf3 Qd7 75. Qg6 Qe7 76. Bc3 Qd7 77. Rh2 Kb7 78. Qh7 Kb8 79. Qg8+ Qc8 80. Qd5 Qd7 81. Raa2 Kc7 82. Raf2 Rf8 83. Ra2 Rfa8 84. Rh1 Kb8 85. Rha1 Bh8 86. Bd2 Bg7 87. Rh1 Kc7 88. Ra4 Kb8 89. Bc3 Kc7 90. Rh2 Kb8 91. Raa2 Bh8 92. Be1 Bg7 93. Bd2 Bh8 94. Qg8+ Kb7 95. Qg6 Bg7 96. Be1 Kb8 97. Qf5 Qe7 98. Bc3 Kb7 99. Ke3 Kb8 100. Rhf2 Rd7 101. Kd2 Rc7 102. Kc2 Rd7 103. fxg5 fxg5 104. Ra1 Qe8 105. Raf1 Raa7 106. Qf3 Rac7 107. Qe2 Kb7 108. Rf5 Re7 109. Bd2 Red7 110. Ra1 Kb8 111. Ra2 Ra7 112. Qh2 Re7 113. Ra1 Red7 114. Raf1 Re7 115. Qh5 Qxh5 116. gxh5 Kc8 117. Ra1 Kd8 118. Kd1 Ke8 119. Ke2 Rf7 120. Ra2 Rad7 121. Kf3 Ke7 122. Kg4 Ke6 123. Be3 Bf6 124. Raf2 Rc7 1/2-1/2

[Event "Orsha op"]
[Site "Orsha"]
[Date "2019.01.18"]
[Round "1"]
[White "Slesareva, Miraslava"]
[Black "Kuleshov, Konstantin"]
[Result "0-1"]
[WhiteElo "1626"]
[BlackElo "2098"]
[PlyCount "80"]
[EventDate "2019.01.18"]
[EventType "swiss"]
[EventRounds "9"]
[EventCountry "BLR"]
[SourceTitle "CBM 188 Extra"]
[Source "ChessBase"]
[SourceDate "2019.02.26"]
[SourceVersion "1"]
[SourceVersionDate "2019.02.26"]
[SourceQuality "1"]

1. d4 f5 2. Nf3 Nf6 3. Bf4 g6 4. e3 Bg7 5. Bc4 e6 6. h3 d6 7. c3 Qe7 8. 0-0 0-0 9. b4 h6 10. Bh2 Kh7 11. Nbd2 Nbd7 12. Ne1 e5 13. Nc2 Ne4 14. Nxe4 fxe4 15. f3 Nb6 16. Bb3 Bf5 17. f4 exf4 18. Bxf4 a5 19. a3 Be6 20. Bxe6 Qxe6 21. Qe2 Qb3 22. Rfc1 Nd5 23. Bg3 Qxc3 24. Bf2 Qd3 25. Qe1 Nc3 26. Kh1 Ne2 27. Rd1 Qxc2 28. Rd2 Qxd2 29. Qxd2 Rxf2 30. Kh2 Raf8 31. Qe1 Rf1 32. Qxf1 Rxf1 33. Rxf1 axb4 34. axb4 Nc3 35. Rf7 Nd5 36. b5 b6 37. Kg1 Kg8 38. Rd7 Bf6 39. Kf2 Be7 40. g4 Kf7 0-1